| 000 | 00480cam a2200181ua 4500 | ||
|---|---|---|---|
| 020 |
_a81-70196-632-9 _c150.00 |
||
| 041 |
_aeng _h |
||
| 082 |
_a631.56 _bPAN/PR |
||
| 100 | _aPandey, P H . | ||
| 245 |
_aPrinciples and practices of post harvest technology / _cP H Pandey. _hTextual Documents |
||
| 250 |
_a1 / _b. |
||
| 260 |
_aNew Delhi : _bKalyani Publishers , _c1998. |
||
| 300 | _a453 ; . | ||
| 365 | _a150.00 | ||
| 504 | _a | ||
| 942 | _cBK | ||
| 999 |
_c9574 _d9574 |
||